Loading...
| Current Events | 1 | 20.00 | 100% | 100% | 0% |
| Fine Arts - Auditory | 5 | 12.00 | 80% | 40% | 0% |
| Fine Arts - Other | 7 | 14.29 | 100% | 43% | 0% |
| Fine Arts - Visual | 9 | 11.11 | 89% | 11% | 11% |
| Geography | 5 | 18.00 | 100% | 60% | 20% |
| History - American | 6 | 15.00 | 100% | 50% | 0% |
| History - Ancient | 1 | 20.00 | 100% | 100% | 0% |
| History - Ancient/Other | 3 | 16.67 | 100% | 67% | 0% |
| History - European | 4 | 12.50 | 100% | 25% | 0% |
| History - World | 6 | 8.33 | 83% | 0% | 0% |
| Literature - American | 7 | 21.43 | 100% | 86% | 29% |
| Literature - British | 6 | 16.67 | 100% | 50% | 17% |
| Literature - European | 3 | 13.33 | 100% | 0% | 33% |
| Literature - World | 4 | 17.50 | 100% | 50% | 25% |
| Mythology | 2 | 15.00 | 100% | 50% | 0% |
| Other Academic | 3 | 26.67 | 100% | 100% | 67% |
| Philosophy | 4 | 20.00 | 100% | 75% | 25% |
| Religion | 3 | 20.00 | 67% | 67% | 67% |
| Science - Biology | 5 | 16.00 | 100% | 60% | 0% |
| Science - Chemistry | 3 | 20.00 | 100% | 67% | 33% |
| Science - Other | 8 | 22.50 | 100% | 88% | 38% |
| Science - Physics | 7 | 18.57 | 100% | 71% | 14% |
| Social Science | 8 | 20.00 | 100% | 75% | 25% |